World Snooker Tour Ranking Event Winners 23/24 Season - Statistics

General Stats
  • This quiz has been taken 13 times
  • The average score is 17 of 24
Answer Stats
Event Winner % Correct
World Championship 2024 Kyren Wilson
100%
Masters 2024 Ronnie O'Sullivan
91%
Saudi Masters 2024 Ronnie O'Sullivan
91%
English Open 2023 Judd Trump
82%
Northern Ireland Open 2023 Judd Trump
82%
German Masters 2024 Judd Trump
82%
Champion of Champions 2023 Mark Allen
82%
UK Championship 2023 Ronnie O'Sullivan
82%
European Masters 2023 Barry Hawkins
73%
Scottish Open 2023 Gary Wilson
73%
Wuhan Open 2023 Judd Trump
73%
World Open 2024 Judd Trump
73%
Shoot Out 2023 Mark Allen
73%
Shanghai Masters 2023 Ronnie O'Sullivan
73%
World Grand Prix 2024 Ronnie O'Sullivan
73%
Championship League 2023 Shaun Murphy
73%
International Championship 2023 Zhang Anda
73%
Welsh Open 2024 Gary WIlson
64%
World Mixed Doubles 2024 (Male) Luca Brecel
64%
British Open 2023 Mark Williams
64%
Players Championship 2024 Mark Allen
55%
Championship League Invitational 2024 Mark Selby
55%
Tour Championship 2024 Mark Williams
55%
World Mixed Doubles 2024 (Female) Reanne Evans
36%
No matching quizzes found
Score Distribution
Percent of People with Each Score
Percentile by Number Answered
Your Score History
You have not taken this quiz